00471nam a2200121Ia 4500008004100000020001500041050001800056245014500074260004300219300001500262500003800277650003400315151021s9999 xx 000 0 und d a9966226028 aLB2367.K2007  a_How to write research and term papers Guidelines for selecting topics,conducting research,writing and referencing sources Joseph M.Kavulya  aNairobi Jomo kenyatta foundation 2007  avii,135p.  aIncludes bibliography and index.  a_How to write research paper